Journal of Neurological, Psychiatric and Mental Health Nursing (Record no. 1887)

MARC details
000 -LEADER
Fixed length control field 00637nas a22002057a 4500
003 - CONTROL NUMBER IDENTIFIER
Control field IIN
005 - DATE AND TIME OF LATEST TRANSACTION
Control field 20251211141624.0
008 - FIXED-LENGTH DATA ELEMENTS--GENERAL INFORMATION
Fixed length control field 251211c2019 |||gr|p |||| 00| 0 eng d
022 ## - INTERNATIONAL STANDARD SERIAL NUMBER / ISSN
International Standard Serial Number 3049-2572
022 ## - INTERNATIONAL STANDARD SERIAL NUMBER / ISSN
International Standard Serial Number 2582-0508 (eISSN)
040 ## - CATALOGING SOURCE
Original cataloging agency IIN
245 ## - TITLE STATEMENT
Title Journal of Neurological, Psychiatric and Mental Health Nursing
Statement of responsibility edited by Noorul Amin
260 ## - IMPRINT
Place of publication Uttar Pradesh
Name of publisher MAT Journals
Date of publication 2019
300 ## - PHYSICAL DESCRIPTION
Page / Vol. No vol. 1 no. 1
310 ## - CURRENT PUBLICATION FREQUENCY
Current publication frequency Bi-annual
650 ## - SUBJECT ADDED ENTRY--TOPICAL TERM
Topical term Nursing
General subdivision Research
650 ## - SUBJECT ADDED ENTRY--TOPICAL TERM
Topical term Nursing
General subdivision Neurology
856 ## - ELECTRONIC LOCATION AND ACCESS
Uniform Resource Identifier https://matjournals.com/Journal-of-Neurological-Psychiatric-and-Mental-Health-Nursing.html
942 ## - ADDED ENTRY ELEMENTS (KOHA)
Koha item type Serials

No items available.

© Ideal Institute Of Nursing, All rights reserved.         Powered by Koha